Tuyển tập Đào Duy Tùng. t.I /

Guardado en:
Detalles Bibliográficos
Autor principal: Đào Duy Tùng
Formato: Sách giấy
Lenguaje:Vietnamese
Publicado: H. : Chính trị Quốc gia, 2001
Materias:
Etiquetas: Agregar Etiqueta
Sin Etiquetas, Sea el primero en etiquetar este registro!
Thư viện lưu trữ: Thư viện Trường Đại học Đà Lạt
LEADER 00661nam a2200265 4500
001 DLU020018650
005 ##20011001
041 # # |a vie 
082 # # |a 895.922 809  |b DA-T 
100 # # |a Đào Duy Tùng 
245 # # |a Tuyển tập Đào Duy Tùng.  |n t.I /  |c Đào Duy Tùng 
260 # # |a H. :  |b Chính trị Quốc gia,  |c 2001 
300 # # |a 716 tr.;   |c 23 cm. 
653 # # |a Công tác tư tưởng 
653 # # |a Tuyển tập văn học 
653 # # |a Xây dựng Đảng 
992 # # |a 95000 
994 # # |a DLU 
900 # # |a False 
911 # # |a Administrator 
925 # # |a G 
926 # # |a A 
927 # # |a SH 
980 # # |a Thư viện Trường Đại học Đà Lạt